مكتبة جامعة عجلون الوطنية

فهرس بحث المكتبة

الإسلام والمذاهب الإقتصادية المعاصرة (Record no. 5361)

MARC details
000 -LEADER
fixed length control field 00911nam a2200241Ii 4500
003 - CONTROL NUMBER IDENTIFIER
control field JO-AjNU
008 - FIXED-LENGTH DATA ELEMENTS--GENERAL INFORMATION
fixed length control field 230605s9999||||xx |||||||||||||| ||und||
017 ## - COPYRIGHT OR LEGAL DEPOSIT NUMBER
Copyright or legal deposit number 86/7027
020 ## - INTERNATIONAL STANDARD BOOK NUMBER
International Standard Book Number 977-1420-84-4
040 ## - CATALOGING SOURCE
Original cataloging agency JO-AjNU
Language of cataloging ara
Description conventions rda
Transcribing agency JO-AjNU
041 ## - LANGUAGE CODE
Language code of text/sound track or separate title ara
050 14 - LIBRARY OF CONGRESS CALL NUMBER
Classification number BP173.754.Y6754 1990
100 3# - MAIN ENTRY--PERSONAL NAME
Personal name كمال،يوسف,
Relator term author
9 (RLIN) 10412
245 00 - TITLE STATEMENT
Title الإسلام والمذاهب الإقتصادية المعاصرة
250 ## - EDITION STATEMENT
Edition statement ط2 مزيدة ومنقحة
264 31 - PRODUCTION, PUBLICATION, DISTRIBUTION, MANUFACTURE, AND COPYRIGHT NOTICE
Place of production, publication, distribution, manufacture المنصورة: دار الوفاء للطباعة والنشر والتوزيع، 1990
300 ## - PHYSICAL DESCRIPTION
Extent 241ص
336 ## - CONTENT TYPE
Content type term text
Content type code txt
Source rdacontent
337 ## - MEDIA TYPE
Media type term unmediated
Media type code n
Source rdamedia
338 ## - CARRIER TYPE
Carrier type term volume
Carrier type code nc
Source rdacarrier
490 0# - SERIES STATEMENT
Series statement اضواء على الاقتصاد الاسلامي 4
650 #4 - SUBJECT ADDED ENTRY--TOPICAL TERM
Topical term or geographic name entry element الاسلام والمذاهب الاقتصادية المعاصرة- الاقتصاد الاسلامي
9 (RLIN) 10413
Holdings
Withdrawn status Lost status Source of classification or shelving scheme Damaged status Not for loan Home library Current library Shelving location Date acquired Total Checkouts Full call number Barcode Date last seen Price effective from Koha item type
    Library of Congress Classification     مكتبة جامعة عجلون الوطنية مكتبة جامعة عجلون الوطنية المجموعات العامة 06/06/2023   BP173.754.Y6754 1990 A1793 06/06/2023 06/06/2023 Books